00621nam a2200193Ia 4500008004000000020001800040041000800058082001600066100002500082245001700107260005000124300001300174650001200187650000900199690001500208906001100223999001900234952017400253210210b2011 xxu||||| |||| 00| 0 eng d a9788126144174 aeng a070.43 SINN aSINGH (Bhanu Pratap) aNews writing aNew DelhibAnmol Publications Pvt. Ltd.c2011 aviii,320 awriting aNews aJournalism a065844 c147112d147112 001040708JournalismaALbALcJournalismd2021-02-17ePrajwal Book Distributors, Bangalore-560061g3000.00l0o070.43 SINNp065844r2021-02-17 00:00:00w2021-02-17yBK